<?xml version="1.0" encoding="UTF-8"?>
<record
    xmlns:xsi="http://www.w3.org/2001/XMLSchema-instance"
    xsi:schemaLocation="http://www.loc.gov/MARC21/slim http://www.loc.gov/standards/marcxml/schema/MARC21slim.xsd"
    xmlns="http://www.loc.gov/MARC21/slim">

  <leader>00548nam a22001937a 4500</leader>
  <datafield tag="999" ind1=" " ind2=" ">
    <subfield code="c">172663</subfield>
    <subfield code="d">172663</subfield>
  </datafield>
  <controlfield tag="005">20200210151506.0</controlfield>
  <datafield tag="010" ind1=" " ind2=" ">
    <subfield code="a">394118</subfield>
  </datafield>
  <datafield tag="020" ind1=" " ind2=" ">
    <subfield code="c">3.50</subfield>
  </datafield>
  <datafield tag="035" ind1=" " ind2=" ">
    <subfield code="a">394118</subfield>
  </datafield>
  <datafield tag="037" ind1=" " ind2=" ">
    <subfield code="b">BPPD/Pub.</subfield>
  </datafield>
  <datafield tag="082" ind1=" " ind2=" ">
    <subfield code="a">900</subfield>
  </datafield>
  <datafield tag="100" ind1=" " ind2=" ">
    <subfield code="a">&#x645;&#x62D;&#x645;&#x62F; &#x645;&#x62C;&#x6CC;&#x628;</subfield>
  </datafield>
  <datafield tag="245" ind1=" " ind2=" ">
    <subfield code="a">&#x62F;&#x648;&#x646;&#x6CC;&#x627; &#x6A9;&#x6CC; &#x6A9;&#x6C1;&#x627;&#x646;&#x6CC; /</subfield>
    <subfield code="c">&#x645;&#x62D;&#x645;&#x62F; &#x645;&#x62C;&#x6CC;&#x628;</subfield>
  </datafield>
  <datafield tag="246" ind1=" " ind2=" ">
    <subfield code="a">Duniya Ki Kahani (Urdu) /</subfield>
    <subfield code="b">by Mohammed Mujeeb</subfield>
  </datafield>
  <datafield tag="260" ind1=" " ind2=" ">
    <subfield code="a">New Delhi</subfield>
    <subfield code="b">Maktaba Jamia</subfield>
    <subfield code="c">1965 &#x621;</subfield>
  </datafield>
  <datafield tag="270" ind1=" " ind2=" ">
    <subfield code="a">Jamia Nagar</subfield>
    <subfield code="b">New Delhi</subfield>
    <subfield code="e">110025</subfield>
  </datafield>
  <datafield tag="300" ind1=" " ind2=" ">
    <subfield code="a">203p.</subfield>
    <subfield code="c">19cm(Hb)</subfield>
  </datafield>
  <datafield tag="942" ind1=" " ind2=" ">
    <subfield code="2">ddc</subfield>
    <subfield code="c">UR</subfield>
    <subfield code="h">900</subfield>
    <subfield code="m">&#x645; &#x62D; &#x645;</subfield>
  </datafield>
  <datafield tag="952" ind1=" " ind2=" ">
    <subfield code="0">0</subfield>
    <subfield code="1">0</subfield>
    <subfield code="4">0</subfield>
    <subfield code="7">0</subfield>
    <subfield code="8">NFIC</subfield>
    <subfield code="a">L</subfield>
    <subfield code="b">L</subfield>
    <subfield code="d">2020-02-10</subfield>
    <subfield code="e">BPPD/Ven.</subfield>
    <subfield code="g">3.50</subfield>
    <subfield code="l">0</subfield>
    <subfield code="o">900 &#x645; &#x62D; &#x645;</subfield>
    <subfield code="p">394118</subfield>
    <subfield code="r">2020-02-10 00:00:00</subfield>
    <subfield code="t">1</subfield>
    <subfield code="v">3.50</subfield>
    <subfield code="w">2020-02-10</subfield>
    <subfield code="y">UR</subfield>
  </datafield>
</record>
